The greatness guide : powerful secrets for getting to world class (Chinese)

Bibliographic Details
Main Author: Sharma, Robin
Format: Book
Published: Canada : HarperCollins Publishers , 2009
Subjects:

MARC

LEADER 00000cam a2200000 7i4500
001 0000030352
005 20110124.0
008 110124
020 |a 9868370975 
090 0 0 |a 158.1   |b SHA 
100 1 |a Sharma, Robin 
245 1 4 |a The greatness guide :   |b powerful secrets for getting to world class (Chinese)   |c Robin Sharma 
260 |a Canada :   |b HarperCollins Publishers ,   |c 2009 
650 0 |a Psychological aspects 
650 0 |a Success in business 
650 0 |a Success   |x Psychological aspects 
999 |a 0001080591   |b Book   |c Chinese Collection   |e Perbadanan Perpustakaan Awam Johor